000 01117naa a22003257a 4500
001 BR9201989
003 BR-BrBNA
005 20240918181516.0
007 ta
008 230509b bl.||||| |||| 00| 0 por d
040 _aBR-BrBNA
_bpor
_cBiblioteca Nacional de Agricultura
041 _a(Pt)
072 _aF01
_b0175
090 _aF01 BR9201989
100 1 _aFranco, F. de A.
100 1 _aGomide, F.B.
100 1 _aBassoi, M.C.
111 1 _a3. Reuniao Brasileira de Triticale
_cCascavel, PR (Brazil)
_d18-20 Jul 1988
245 1 _aAnalise de rendimento de graos de cultivares de triticale em ensaios intermediarios em distintos ambientes
260 3 _aCascavel, PR (Brasil):
_c1990.
500 _aAnais da 3. Reuniao Brasileira de Triticale Cascavel, PR (Brasil): 1990. p. 105-109 (BR9201989-AM)F01
650 _aTriticale
650 _aGrao
650 _aVariedade
650 _aRendimento
650 _aParana
773 0 _tAnais da 3. Reuniao Brasileira de Triticale
_wF01 BR9201989
_gCascavel, PR (Brasil), 1990. p. 105-109
909 _a202404
_bLucia
_c55
_dLucia Elande
942 _cAM
_2AGRIS
999 _c325578
_d325578